Najtrudniejsze flagi świata - Statystyki

Ogólne statystyki
  • Ten quiz został rozwiązany 376 razy
  • Średni wynik to 2 z 6
Statystyki odpowiedzi
Obrazkowy Odpowiedź % Poprawnych
Mariany Północne
81%
Benin
34%
Fryzja
22%
WDSZ
20%
Lombardia
15%
Emirat Północokaukaski
3%
Nie znaleziono quizów pasujących do podanych kryteriów
Rozkład punktacji
Procent ludzi z każdym wynikiem
Percentyl według liczby udzielonych odpowiedzi
Twoja historia wyników
Nie rozwiązałeś tego quizu